Statistics for Countries Closest to Puerto Rico

Click here to take the quiz!

General Stats

  • This quiz has been taken 92 times
  • The average score is 14 of 20

Answer Stats

kmcountrymiles% Correct
114Dominican Republic71
95%
491Dominica305
93%
468Haiti291
93%
749Cuba466
91%
720Bahamas447
88%
944Jamaica587
84%
806Barbados501
81%
272St Kitts and Nevis169
78%
666Venezuela414
78%
643St Lucia400
77%
907Trinidad and Tobago564
77%
686St Vincent and
the Grenadines
426
76%
362Antigua and Barbuda225
72%
762Colombia473
72%
1515Panama941
69%
747Grenada464
65%
1210Guyana752
55%
666Aruba414
43%
652Curaçao405
39%
225Sint Maarten140
19%

Score Distribution

Percentile by Number Answered

Percent of People with Each Score

Your Score History

You have not taken this quiz